[Event "CZE-ch Betsys Online Blitz"]
[Site "Chess.com INT"]
[Date "2021.04.17"]
[Round "13"]
[White "Richterova, Natasa"]
[Black "Vesely, Tomas"]
[Result "1-0"]
[WhiteElo "2188"]
[BlackElo "1998"]
[PlyCount "141"]
[EventDate "2021.04.17"]
[EventType "swiss (blitz)"]
[EventRounds "13"]
[EventCountry "CZE"]
[SourceTitle "CBM 201 Extra"]
[Source "ChessBase"]
[SourceDate "2021.05.31"]
[SourceVersion "1"]
[SourceVersionDate "2021.05.31"]
[SourceQuality "1"]

1. e4 c5 2. Nf3 d6 3. Bb5+ Nd7 4. 0-0 a6 5. Bxd7+ Bxd7 6. d4 cxd4 7. Qxd4 Nf6 8. c4 g6 9. Nc3 Bg7 10. a4 0-0 11. a5 Rc8 12. Qd3 Qc7 13. Nd2 Bc6 14. f3 e6 15. Rd1 Rfd8 16. b3 Nd7 17. Bb2 b6 18. axb6 Nxb6 19. Rxa6 Bb7 20. Ra7 Nxc4 21. Nxc4 Qc5+ 22. Qe3 Bxc3 23. Qxc5 Rxc5 24. Rxb7 Bxb2 25. Nxb2 d5 26. exd5 exd5 27. Nd3 Rc3 28. Kf2 d4 29. Rd2 Re8 30. b4 Rb3 31. Nc5 Rb1 32. Nd7 Kg7 33. b5 Ree1 34. b6 h5 35. h4 Rb4 36. Rc7 Reb1 37. Rc6 R1b3 38. Kg3 Rb1 39. Kf4 f5 40. Kg5 Kf7 41. Rxg6 Ke7 42. Rg7+ Ke6 43. Re2+ Kd6 44. Nf6 Rxb6 45. Nxh5 d3 46. Rg6+ Kd5 47. Rd2 Kd4 48. Rxb6 Rxb6 49. Nf4 Ke3 50. Rxd3+ Kf2 51. h5 Kg3 52. Rd5 Rb4 53. Rxf5 Rb6 54. h6 Rb7 55. Kg6 Rb6+ 56. Rf6 Rb7 57. h7 Rb8 58. Kg7 Kh4 59. h8Q+ Rxh8 60. Kxh8 Kg5 61. Nd5 Kh5 62. Rf8 Kg6 63. Kg8 Kg5 64. g3 Kh5 65. f4 Kg4 66. f5 Kg5 67. f6 Kg6 68. f7 Kg5 69. Re8 Kg4 70. f8Q Kh3 71. Re7 1-0

[Event "CZE-ch Betsys Online Blitz"]
[Site "Chess.com INT"]
[Date "2021.04.17"]
[Round "2"]
[White "Vaculik, Jakub"]
[Black "Vesely, Tomas"]
[Result "0-1"]
[WhiteElo "2145"]
[BlackElo "1998"]
[PlyCount "98"]
[EventDate "2021.04.17"]
[EventType "swiss (blitz)"]
[EventRounds "13"]
[EventCountry "CZE"]
[SourceTitle "CBM 201 Extra"]
[Source "ChessBase"]
[SourceDate "2021.05.31"]
[SourceVersion "1"]
[SourceVersionDate "2021.05.31"]
[SourceQuality "1"]

1. e4 c5 2. c3 g6 3. f4 Bg7 4. Nf3 Nc6 5. Bb5 a6 6. Bxc6 dxc6 7. 0-0 c4 8. b3 cxb3 9. axb3 Qd3 10. e5 Bg4 11. h3 Bxf3 12. Rxf3 Qd7 13. d4 e6 14. Be3 h5 15. Nd2 Ne7 16. Nc4 Nd5 17. Nd6+ Ke7 18. Qd3 Rhd8 19. c4 Nxe3 20. Qxe3 Qc7 21. g4 hxg4 22. hxg4 Rxd6 23. exd6+ Qxd6 24. Rd1 Rh8 25. Kg2 Kf8 26. Qe4 Qa3 27. Rh1 Qb2+ 28. Rf2 Qxd4 29. Rxh8+ Bxh8 30. Qxd4 Bxd4 31. Rd2 c5 32. Kf3 Ke7 33. Ke4 f5+ 34. gxf5 gxf5+ 35. Kf3 Kf6 36. Rh2 e5 37. fxe5+ Kxe5 38. Rh7 b5 39. Ra7 bxc4 40. bxc4 Bc3 41. Rxa6 Bb4 42. Ke3 f4+ 43. Kd3 Kf5 44. Ra8 Ke5 45. Re8+ Kf5 46. Rd8 Ba3 47. Rd5+ Kg4 48. Rd8 Kf3 49. Ra8 Bb2 0-1

[Event "CZE-ch Betsys Online Blitz"]
[Site "Chess.com INT"]
[Date "2021.04.17"]
[Round "1"]
[White "Vesely, Tomas"]
[Black "Martikan, Jiri"]
[Result "1-0"]
[WhiteElo "1998"]
[BlackElo "1221"]
[PlyCount "83"]
[EventDate "2021.04.17"]
[EventType "swiss (blitz)"]
[EventRounds "13"]
[EventCountry "CZE"]
[SourceTitle "CBM 201 Extra"]
[Source "ChessBase"]
[SourceDate "2021.05.31"]
[SourceVersion "1"]
[SourceVersionDate "2021.05.31"]
[SourceQuality "1"]

1. c4 e5 2. Nc3 Nf6 3. g3 Nc6 4. Bg2 Bb4 5. e4 0-0 6. Nge2 d6 7. 0-0 Bg4 8. f3 Be6 9. Nd5 Ba5 10. d4 Ne7 11. Nxf6+ gxf6 12. Be3 Ng6 13. d5 Bd7 14. h4 Kg7 15. h5 Nh8 16. g4 h6 17. Kh2 Kh7 18. Qc1 Rg8 19. Bxh6 f5 20. exf5 Qh4+ 21. Bh3 Bb6 22. Be3 f6 23. Bxb6 axb6 24. Qe1 Qg5 25. a3 Ra4 26. b3 Raa8 27. Ng3 Nf7 28. Ne4 Qf4+ 29. Qg3 Qe3 30. Nxf6+ Kh6 31. Nxd7 Qd2+ 32. Rf2 Qe3 33. f4 Qe4 34. g5+ Nxg5 35. fxg5+ Rxg5 36. Qf3 Qh4 37. Rg1 Rag8 38. Rxg5 Rxg5 39. Rg2 Qf4+ 40. Qxf4 exf4 41. Rxg5 Kxg5 42. f6 1-0

[Event "Pardubice Czech op-B"]
[Site "Pardubice"]
[Date "2020.09.27"]
[Round "8"]
[White "Svetly, Jiri"]
[Black "Vesely, Tomas"]
[Result "0-1"]
[WhiteElo "1820"]
[BlackElo "2035"]
[PlyCount "66"]
[EventDate "2020.09.21"]
[EventType "swiss"]
[EventRounds "9"]
[EventCountry "CZE"]
[SourceTitle "CBM 198 Extra"]
[Source "ChessBase"]
[SourceDate "2020.11.30"]
[SourceVersion "1"]
[SourceVersionDate "2020.11.30"]
[SourceQuality "1"]

1. d4 d5 2. c4 c6 3. Nc3 dxc4 4. a4 e5 5. dxe5 Qxd1+ 6. Nxd1 Bb4+ 7. Nc3 Nd7 8. Nf3 Nc5 9. Bd2 Nb3 10. Rd1 Nxd2 11. Nxd2 b5 12. axb5 Bxc3 13. bxc3 cxb5 14. Ne4 a6 15. Nd6+ Ke7 16. g3 Nh6 17. Bg2 Ra7 18. Ra1 Bd7 19. f4 f6 20. 0-0 Ng4 21. exf6+ Kxd6 22. Rfd1+ Kc7 23. fxg7 Rg8 24. Bf3 Rxg7 25. Bxg4 Bxg4 26. Rd2 Re7 27. Kf2 a5 28. e3 Kc6 29. Rd4 a4 30. e4 Rad7 31. Ke3 Rxd4 32. cxd4 Bf5 33. d5+ Kc5 0-1

[Event "Pardubice Czech op-B"]
[Site "Pardubice"]
[Date "2020.09.26"]
[Round "7"]
[White "Vesely, Tomas"]
[Black "Siekanska, Zuzanna"]
[Result "1-0"]
[WhiteElo "2035"]
[BlackElo "1692"]
[PlyCount "53"]
[EventDate "2020.09.21"]
[EventType "swiss"]
[EventRounds "9"]
[EventCountry "CZE"]
[SourceTitle "CBM 198 Extra"]
[Source "ChessBase"]
[SourceDate "2020.11.30"]
[SourceVersion "1"]
[SourceVersionDate "2020.11.30"]
[SourceQuality "1"]

1. d4 d5 2. Nc3 Nf6 3. Bf4 a6 4. e3 Bf5 5. f3 e6 6. g4 Bg6 7. h4 h5 8. g5 Nfd7 9. Bd3 Bxd3 10. Qxd3 c5 11. 0-0-0 Nc6 12. g6 f6 13. Nge2 b5 14. e4 b4 15. exd5 bxc3 16. dxc6 cxb2+ 17. Kb1 Nb6 18. Qb3 Nd5 19. dxc5 Qc8 20. Rxd5 exd5 21. Qxd5 Ra7 22. c7 Rxc7 23. Bxc7 Qxc7 24. Nd4 Qd7 25. Re1+ Kd8 26. Ne6+ Kc8 27. Qa8# 1-0

[Event "Pardubice Czech op-B"]
[Site "Pardubice"]
[Date "2020.09.21"]
[Round "1"]
[White "Sulcova, Tereza Radmila"]
[Black "Vesely, Tomas"]
[Result "0-1"]
[WhiteElo "1600"]
[BlackElo "2035"]
[PlyCount "88"]
[EventDate "2020.09.21"]
[EventType "swiss"]
[EventRounds "9"]
[EventCountry "CZE"]
[SourceTitle "CBM 198 Extra"]
[Source "ChessBase"]
[SourceDate "2020.11.30"]
[SourceVersion "1"]
[SourceVersionDate "2020.11.30"]
[SourceQuality "1"]

1. d4 d5 2. Nf3 Nf6 3. e3 c6 4. Bd3 e6 5. 0-0 Nbd7 6. c4 Bd6 7. Nc3 dxc4 8. Bxc4 b5 9. Bd3 Bb7 10. e4 e5 11. dxe5 Nxe5 12. Nxe5 Bxe5 13. Qc2 0-0 14. Bg5 Bxh2+ 15. Kh1 Bc7 16. f4 h6 17. Bh4 Qd7 18. e5 Nd5 19. Rad1 Qg4 20. Nxd5 Qxh4+ 21. Kg1 Bd8 22. Ne3 Bb6 23. Qe2 a6 24. Qf3 Rfd8 25. g3 Qe7 26. Kh2 Qb4 27. b3 Bxe3 28. Qxe3 c5 29. Qe2 Bd5 30. Qh5 c4 31. Bb1 cxb3 32. Qf5 g6 33. Qf6 bxa2 34. Bxg6 Qb2+ 35. Kh3 Qg2+ 36. Kg4 Qe2+ 37. Kh4 Qh2+ 38. Kg4 fxg6 39. Qxg6+ Kh8 40. Rh1 h5+ 41. Qxh5+ Qxh5+ 42. Rxh5+ Kg7 43. Rc1 Be6+ 44. f5 Rd4+ 0-1

[Event "CZE-chT2D 1718"]
[Site "Czech Republic"]
[Date "2018.02.25"]
[Round "9.7"]
[White "Zahalka, Jan"]
[Black "Vesely, Tomas"]
[Result "0-1"]
[WhiteElo "1931"]
[BlackElo "2047"]
[PlyCount "52"]
[EventDate "2017.10.15"]
[EventType "team-tourn"]
[EventRounds "11"]
[EventCountry "CZE"]
[SourceTitle "EXT 2022"]
[Source "ChessBase"]
[SourceDate "2021.10.06"]
[SourceVersion "1"]
[SourceVersionDate "2021.10.06"]
[SourceQuality "1"]
[WhiteTeam "Nachod"]
[BlackTeam "Pardubice Eurobit"]
[WhiteTeamCountry "CZE"]
[BlackTeamCountry "CZE"]

1. e4 c5 2. d4 cxd4 3. c3 dxc3 4. Nxc3 Nc6 5. Bc4 e6 6. Nf3 a6 7. 0-0 Qc7 8. Qe2 Bc5 9. Rd1 Nf6 10. Bg5 Ng4 11. Bh4 Nd4 12. Rxd4 Bxd4 13. Nd5 Qd6 14. Be7 Qb8 15. h3 Bxf2+ 16. Kh1 h5 17. Rd1 exd5 18. exd5 Be3 19. d6 Nf2+ 20. Kh2 b5 21. Bb3 Qb6 22. Ng5 Bf4+ 23. g3 Ng4+ 24. Kh1 Bb7+ 25. Rd5 Qe3 26. Qxe3 Nxe3 0-1

[Event "CZE-chT2D 1718"]
[Site "Czech Republic"]
[Date "2018.02.11"]
[Round "8.7"]
[White "Vesely, Tomas"]
[Black "Sodomka, Adam"]
[Result "1-0"]
[WhiteElo "2047"]
[BlackElo "1907"]
[PlyCount "77"]
[EventDate "2017.10.15"]
[EventType "team-tourn"]
[EventRounds "11"]
[EventCountry "CZE"]
[SourceTitle "EXT 2022"]
[Source "ChessBase"]
[SourceDate "2021.10.06"]
[SourceVersion "1"]
[SourceVersionDate "2021.10.06"]
[SourceQuality "1"]
[WhiteTeam "Pardubice Eurobit"]
[BlackTeam "Policka Stefanydes"]
[WhiteTeamCountry "CZE"]
[BlackTeamCountry "CZE"]

1. e4 c5 2. Nf3 Nc6 3. Bb5 g6 4. 0-0 Bg7 5. Re1 Qb6 6. Na3 Nf6 7. c3 0-0 8. Bc4 d6 9. h3 Nd7 10. Nc2 Nde5 11. Be2 f5 12. Nxe5 Nxe5 13. f4 c4+ 14. Kh2 Nd3 15. Bxd3 cxd3 16. Nb4 e5 17. Qb3+ Kh8 18. Nxd3 Qd8 19. Nf2 exf4 20. Qd1 Qh4 21. Nh1 fxe4 22. Rxe4 Bf5 23. Qe1 Qg5 24. Re7 Be5 25. Rxe5 dxe5 26. Qxe5+ Kg8 27. d4 Rae8 28. Bxf4 Qh5 29. Qd5+ Rf7 30. Be5 Qe2 31. Ng3 Qxb2 32. Rf1 Be6 33. Qc5 Rxf1 34. Nxf1 Qxa2 35. Qc7 Bf7 36. Ne3 Qe6 37. Ng4 Rc8 38. Qxb7 h5 39. d5 1-0

[Event "CZE-chT2D 1718"]
[Site "Czech Republic"]
[Date "2017.11.19"]
[Round "3.8"]
[White "Feldvabl, Vilem"]
[Black "Vesely, Tomas"]
[Result "1/2-1/2"]
[WhiteElo "1642"]
[BlackElo "2047"]
[PlyCount "133"]
[EventDate "2017.10.15"]
[EventType "team-tourn"]
[EventRounds "11"]
[EventCountry "CZE"]
[SourceTitle "EXT 2022"]
[Source "ChessBase"]
[SourceDate "2021.10.06"]
[SourceVersion "1"]
[SourceVersionDate "2021.10.06"]
[SourceQuality "1"]
[WhiteTeam "Namest nad Oslavou"]
[BlackTeam "Pardubice Eurobit"]
[WhiteTeamCountry "CZE"]
[BlackTeamCountry "CZE"]

1. d4 e6 2. e4 b6 3. Nc3 Bb7 4. Bd3 Bb4 5. Bd2 f5 6. Qe2 Nf6 7. f3 Nc6 8. Qf2 fxe4 9. Nxe4 Bxd2+ 10. Nxd2 Nb4 11. Qe2 Qe7 12. a3 Nxd3+ 13. Qxd3 Nd5 14. 0-0-0 Qg5 15. g4 h5 16. h4 Qf6 17. g5 Qf7 18. Ne2 a5 19. Qb3 a4 20. Qa2 0-0-0 21. Rde1 Ba6 22. Nc3 Nxc3 23. bxc3 d5 24. Qb2 Rhe8 25. Qb4 Qf4 26. Qxa4 Kb7 27. Re5 Bc4 28. Kd1 Ra8 29. Qb4 Ra6 30. Rhe1 Rea8 31. Nxc4 dxc4 32. Qxc4 Qxf3+ 33. Kd2 Qf4+ 34. R5e3 Qxh4 35. g6 Rxa3 36. Qxe6 R8a5 37. Qe4+ Qxe4 38. Rxe4 Rg5 39. Rh1 Rg2+ 40. Re2 Rxe2+ 41. Kxe2 Rxc3 42. Kd2 Rg3 43. Rxh5 Rxg6 44. c3 Kc6 45. Kd3 Rg3+ 46. Kc4 Kd6 47. Kb4 c6 48. Kc4 Ke6 49. Re5+ Kf7 50. Rf5+ Kg6 51. Rf8 Re3 52. Rb8 b5+ 53. Kb4 Kf5 54. Rf8+ Ke4 55. Rc8 g5 56. Rxc6 g4 57. Rg6 g3 58. Rg5 Kf4 59. Rg8 Rd3 60. Kxb5 Rxc3 61. d5 Ke5 62. Rg5+ Kf4 63. Rg8 Kf3 64. d6 g2 65. d7 Rd3 66. Kc6 Kf2 67. Kc7 1/2-1/2

[Event "CZE-chT2D 1617"]
[Site "Czech Republic"]
[Date "2016.10.30"]
[Round "2.3"]
[White "Varejcko, Josef"]
[Black "Vesely, Tomas"]
[Result "1-0"]
[WhiteElo "2236"]
[BlackElo "2052"]
[PlyCount "83"]
[EventDate "2016.10.09"]
[EventType "team-tourn"]
[EventRounds "11"]
[EventCountry "CZE"]
[SourceTitle "EXT 2022"]
[Source "ChessBase"]
[SourceDate "2021.10.06"]
[SourceVersion "1"]
[SourceVersionDate "2021.10.06"]
[SourceQuality "1"]
[WhiteTeam "Lipa"]
[BlackTeam "Pardubice Rapid II"]
[WhiteTeamCountry "CZE"]
[BlackTeamCountry "CZE"]

1. d4 d5 2. g3 Nf6 3. Bg2 c6 4. Nf3 Bf5 5. c4 e6 6. Nc3 Be7 7. 0-0 Ne4 8. Nd2 Nxc3 9. bxc3 Nd7 10. Qb3 Qb6 11. Ba3 Qxb3 12. axb3 a6 13. cxd5 exd5 14. e4 Bxa3 15. Rxa3 dxe4 16. Nc4 Bg6 17. Nd6+ Kd8 18. Nxb7+ Kc7 19. Na5 Nf6 20. Nc4 Nd5 21. b4 f6 22. Rfa1 Rhb8 23. Bf1 Bf5 24. Ne3 Nxe3 25. fxe3 Bc8 26. Bxa6 Bxa6 27. Rxa6 Rxa6 28. Rxa6 Rb7 29. Ra5 Kd6 30. Kg2 g6 31. g4 Rb5 32. Kg3 g5 33. Kf2 Kd5 34. Ke2 Kc4 35. Kd2 Rxa5 36. bxa5 Kb5 37. c4+ Kxa5 38. Kc3 Kb6 39. c5+ Kc7 40. Kc4 f5 41. gxf5 g4 42. d5 1-0

[Event "CZE-chT2D 1617"]
[Site "Czech Republic"]
[Date "2016.10.09"]
[Round "1.4"]
[White "Mojzis, Jaroslav"]
[Black "Vesely, Tomas"]
[Result "0-1"]
[WhiteElo "2105"]
[BlackElo "2052"]
[PlyCount "54"]
[EventDate "2016.10.09"]
[EventType "team-tourn"]
[EventRounds "11"]
[EventCountry "CZE"]
[SourceTitle "EXT 2022"]
[Source "ChessBase"]
[SourceDate "2021.10.06"]
[SourceVersion "1"]
[SourceVersionDate "2021.10.06"]
[SourceQuality "1"]
[WhiteTeam "Polabiny II"]
[BlackTeam "Pardubice Rapid II"]
[WhiteTeamCountry "CZE"]
[BlackTeamCountry "CZE"]

1. Nf3 d5 2. g3 Nf6 3. Bg2 c6 4. b3 Bf5 5. Bb2 Qc8 6. h3 Nbd7 7. d3 h6 8. Nbd2 e6 9. c4 Bd6 10. e4 dxe4 11. dxe4 Bxe4 12. Nxe4 Nxe4 13. Bxg7 Bb4+ 14. Kf1 Rg8 15. Bxh6 Bc5 16. Nd4 Nxf2 17. Kxf2 Qc7 18. g4 e5 19. Re1 0-0-0 20. Rc1 exd4 21. Qf3 d3+ 22. Re3 Rge8 23. Kf1 Qd6 24. Rxe8 Rxe8 25. Bf4 Qd4 26. Bh2 Qb2 27. Rd1 Qe2+ 0-1

[Event "CZE-chT2D 1516"]
[Site "Czech Republic"]
[Date "2016.04.17"]
[Round "11.5"]
[White "Vesely, Tomas"]
[Black "Bulockin, Martin"]
[Result "0-1"]
[WhiteElo "2069"]
[BlackElo "1941"]
[PlyCount "70"]
[EventDate "2015.10.18"]
[EventType "team-tourn"]
[EventRounds "11"]
[EventCountry "CZE"]
[SourceTitle "EXT 2022"]
[Source "ChessBase"]
[SourceDate "2021.10.06"]
[SourceVersion "1"]
[SourceVersionDate "2021.10.06"]
[SourceQuality "1"]
[WhiteTeam "Pardubice Rapid II"]
[BlackTeam "Rychnov nad Kneznou"]
[WhiteTeamCountry "CZE"]
[BlackTeamCountry "CZE"]

1. e4 c5 2. Nf3 d6 3. d4 cxd4 4. Nxd4 Nf6 5. Nc3 Nc6 6. Bg5 e6 7. f4 a6 8. Nxc6 bxc6 9. e5 h6 10. Bh4 g5 11. fxg5 Nd5 12. Qd2 dxe5 13. Ne4 hxg5 14. Bxg5 Be7 15. Bxe7 Qxe7 16. 0-0-0 f5 17. Ng5 e4 18. h4 Rb8 19. c4 Nc7 20. Be2 e5 21. Qd6 Qxd6 22. Rxd6 Ke7 23. Rxc6 Ne6 24. Nxe6 Bxe6 25. Rxa6 f4 26. h5 Rbg8 27. Rh2 Rg3 28. Kd2 e3+ 29. Kc3 e4 30. Rh4 f3 31. Rxe4 fxe2 32. Raxe6+ Kd7 33. Re7+ Kd8 34. Rxe3 e1Q+ 35. Kd4 Qd2+ 0-1

[Event "CZE-chT2D 1516"]
[Site "Czech Republic"]
[Date "2016.02.21"]
[Round "8.4"]
[White "Vesely, Tomas"]
[Black "Nemec, Pavel"]
[Result "1-0"]
[WhiteElo "2069"]
[BlackElo "2214"]
[PlyCount "69"]
[EventDate "2015.10.18"]
[EventType "team-tourn"]
[EventRounds "11"]
[EventCountry "CZE"]
[SourceTitle "EXT 2022"]
[Source "ChessBase"]
[SourceDate "2021.10.06"]
[SourceVersion "1"]
[SourceVersionDate "2021.10.06"]
[SourceQuality "1"]
[WhiteTeam "Pardubice Rapid II"]
[BlackTeam "Chrudim"]
[WhiteTeamCountry "CZE"]
[BlackTeamCountry "CZE"]

1. e4 c5 2. Nf3 d6 3. d4 cxd4 4. Nxd4 Nf6 5. Nc3 e6 6. Bg5 Be7 7. f4 h6 8. Bh4 Nxe4 9. Bxe7 Nxc3 10. Bxd8 Nxd1 11. Rxd1 Kxd8 12. Nb5 d5 13. c4 Re8 14. Kf2 a6 15. Nd6 Re7 16. cxd5 exd5 17. Nxc8 Kxc8 18. Rxd5 Nc6 19. a3 Kc7 20. Be2 Rd8 21. Rhd1 Rxd5 22. Rxd5 Rd7 23. Bf3 f6 24. Rxd7+ Kxd7 25. Ke3 b6 26. Bxc6+ Kxc6 27. Ke4 g6 28. h4 Kc5 29. h5 g5 30. fxg5 fxg5 31. Kf5 Kc4 32. Kg6 Kb3 33. Kxh6 Kxb2 34. Kxg5 Kxa3 35. h6 1-0

[Event "CZE-chT1E 1516"]
[Site "Czech Republic"]
[Date "2015.12.13"]
[Round "5.6"]
[White "Vesely, Tomas"]
[Black "Kulovana, Eva"]
[Result "0-1"]
[WhiteElo "2035"]
[BlackElo "2197"]
[PlyCount "150"]
[EventDate "2015.10.11"]
[EventType "team-tourn"]
[EventRounds "11"]
[EventCountry "CZE"]
[SourceTitle "EXT 2017"]
[Source "ChessBase"]
[SourceDate "2016.10.25"]
[SourceVersion "1"]
[SourceVersionDate "2016.10.25"]
[SourceQuality "1"]
[WhiteTeam "Policka"]
[BlackTeam "Brno Lokomotiva"]
[WhiteTeamCountry "CZE"]
[BlackTeamCountry "CZE"]

1. e4 c6 2. d4 d5 3. Nd2 dxe4 4. Nxe4 Bf5 5. Ng3 Bg6 6. Nf3 Nf6 7. Ne5 Nbd7 8. Nxg6 hxg6 9. Bd3 e6 10. Bg5 Qc7 11. Qe2 Bd6 12. 0-0-0 Bf4+ 13. Bxf4 Qxf4+ 14. Kb1 0-0-0 15. Ne4 Nxe4 16. Qxe4 Rh4 17. Qe2 Qd6 18. c3 Rxh2 19. Rxh2 Qxh2 20. Be4 Qc7 21. Rh1 Nf6 22. Bf3 Re8 23. g3 e5 24. dxe5 Qxe5 25. Qxe5 Rxe5 26. Rh8+ Re8 27. Rh1 Kc7 28. Kc2 Re5 29. Kd3 Kd6 30. a3 g5 31. Kd2 g6 32. Kd3 Nd7 33. b4 Nf6 34. c4 b6 35. Rh8 Re8 36. Rh1 Nd7 37. Rd1 Kc7 38. Kc3 Ne5 39. Re1 Re6 40. Bd1 Kd6 41. Bb3 c5 42. Ba4 Nf3 43. bxc5+ bxc5 44. Rb1 Nd4 45. Rb7 Re7 46. Rb8 Re2 47. Rd8+ Ke6 48. Re8+ Kf6 49. Rxe2 Nxe2+ 50. Kd3 Nd4 51. Ke4 Ke6 52. Kd3 Nf5 53. Bc6 Nd6 54. Bd5+ Ke5 55. Ke3 f5 56. f4+ gxf4+ 57. gxf4+ Kf6 58. Kf3 g5 59. Kg3 Ne8 60. Kf3 Nc7 61. Bb7 Ne6 62. fxg5+ Nxg5+ 63. Kf4 Ne6+ 64. Ke3 Ke5 65. Bc8 Nd8 66. Bd7 Nf7 67. a4 a5 68. Bc6 Nd6 69. Bd5 f4+ 70. Kf3 Kd4 71. Kxf4 Nxc4 72. Bc6 Nb2 73. Kf3 Kd3 74. Bb5+ c4 75. Kf4 Kd2 0-1

[Event "CZE-chT2D 1415"]
[Site "Czech Republic"]
[Date "2015.01.25"]
[Round "6.4"]
[White "Vesely, Tomas"]
[Black "Fiedler, Bedrich"]
[Result "1/2-1/2"]
[WhiteElo "2079"]
[BlackElo "2118"]
[PlyCount "44"]
[EventDate "2014.11.02"]
[EventType "team-tourn"]
[EventRounds "11"]
[EventCountry "CZE"]
[SourceTitle "EXT 2022"]
[Source "ChessBase"]
[SourceDate "2021.10.06"]
[SourceVersion "1"]
[SourceVersionDate "2021.10.06"]
[SourceQuality "1"]
[WhiteTeam "Pardubice AKIS"]
[BlackTeam "Lipa ZVU Engineering"]
[WhiteTeamCountry "CZE"]
[BlackTeamCountry "CZE"]

1. e4 c5 2. Nf3 d6 3. Bb5+ Bd7 4. Bxd7+ Qxd7 5. c4 Nc6 6. d4 cxd4 7. Nxd4 Nf6 8. Nc3 g6 9. f3 Bg7 10. Be3 0-0 11. 0-0 Rac8 12. b3 a6 13. Rc1 Qd8 14. Qd2 Qa5 15. Rfd1 Rfe8 16. Qb2 Nd7 17. a3 Nxd4 18. Bxd4 Bxd4+ 19. Rxd4 Qc5 20. Na4 Qa7 21. Qf2 b5 22. Nb2 Ne5 1/2-1/2

[Event "CZE-chT2D 1415"]
[Site "Czech Republic"]
[Date "2015.01.11"]
[Round "5.3"]
[White "Vesely, Tomas"]
[Black "Vaculik, Jakub"]
[Result "1-0"]
[WhiteElo "2079"]
[BlackElo "1966"]
[PlyCount "67"]
[EventDate "2014.11.02"]
[EventType "team-tourn"]
[EventRounds "11"]
[EventCountry "CZE"]
[SourceTitle "EXT 2022"]
[Source "ChessBase"]
[SourceDate "2021.10.06"]
[SourceVersion "1"]
[SourceVersionDate "2021.10.06"]
[SourceQuality "1"]
[WhiteTeam "Pardubice AKIS"]
[BlackTeam "Velke Losiny"]
[WhiteTeamCountry "CZE"]
[BlackTeamCountry "CZE"]

1. e4 e6 2. d4 d5 3. e5 c5 4. c3 Nc6 5. Nf3 Nge7 6. a3 Nf5 7. Bd3 cxd4 8. Bxf5 exf5 9. cxd4 Be6 10. 0-0 h6 11. b4 Be7 12. Bb2 g5 13. Nbd2 f4 14. Ne1 Qd7 15. Nd3 b6 16. Bc3 Bg4 17. f3 Bf5 18. Nb3 Nd8 19. a4 Rc8 20. Qd2 Qc6 21. Rfc1 Qc4 22. Bb2 Qxb3 23. Rxc8 Qxd3 24. Qxd3 Bxd3 25. b5 a6 26. a5 Kd7 27. Rac1 Bc4 28. Ra8 bxa5 29. bxa6 Kc7 30. Ra7+ Kb6 31. Rxe7 Kxa6 32. Ra1 Rf8 33. Ba3 Ne6 34. Rxe6+ 1-0

[Event "CZE-chT2D 1415"]
[Site "Czech Republic"]
[Date "2014.11.16"]
[Round "2.4"]
[White "Vesely, Tomas"]
[Black "Kourek, Josef"]
[Result "0-1"]
[WhiteElo "2079"]
[BlackElo "2118"]
[PlyCount "80"]
[EventDate "2014.11.02"]
[EventType "team-tourn"]
[EventRounds "11"]
[EventCountry "CZE"]
[SourceTitle "EXT 2022"]
[Source "ChessBase"]
[SourceDate "2021.10.06"]
[SourceVersion "1"]
[SourceVersionDate "2021.10.06"]
[SourceQuality "1"]
[WhiteTeam "Pardubice AKIS"]
[BlackTeam "Polabiny II"]
[WhiteTeamCountry "CZE"]
[BlackTeamCountry "CZE"]

1. e4 c5 2. Nf3 d6 3. d4 cxd4 4. Nxd4 Nf6 5. Nc3 g6 6. Be3 Bg7 7. f3 Nc6 8. Qd2 0-0 9. Bc4 Bd7 10. 0-0-0 Qb8 11. h4 b5 12. Bd5 Rc8 13. Nxc6 Bxc6 14. Bxc6 Rxc6 15. h5 Qb7 16. hxg6 Rac8 17. gxh7+ Kh8 18. Bh6 Bxh6 19. Qxh6 b4 20. Nd5 Rxc2+ 21. Kb1 b3 22. a3 Nxd5 23. exd5 Qc7 24. Rc1 Qc5 25. Rxc2 bxc2+ 26. Kc1 Qxd5 27. Qe3 Qa2 28. Kd2 Qxb2 29. Rc1 Rc5 30. Qxe7 Rd5+ 31. Ke2 Qb5+ 32. Kf2 Rd2+ 33. Ke1 Rxg2 34. Qf8+ Kxh7 35. Qxf7+ Rg7 36. Qf4 Re7+ 37. Kd2 Qe2+ 38. Kc3 Re3+ 39. Kb4 Qd2+ 40. Ka4 Rxa3+ 0-1

[Event "CZE-chT2D 1314"]
[Site "Czech Republic"]
[Date "2014.01.19"]
[Round "6.6"]
[White "Vesely, Tomas"]
[Black "Machlowski, Slawomir"]
[Result "0-1"]
[WhiteElo "2092"]
[BlackElo "2107"]
[PlyCount "84"]
[EventDate "2013.11.03"]
[EventType "team-tourn"]
[EventRounds "11"]
[EventCountry "CZE"]
[SourceTitle "EXT 2016"]
[Source "ChessBase"]
[SourceDate "2015.10.08"]
[SourceVersion "1"]
[SourceVersionDate "2015.10.08"]
[SourceQuality "1"]
[WhiteTeam "Pardubice AKIS"]
[BlackTeam "Rychnov nad Kneznou"]
[WhiteTeamCountry "CZE"]
[BlackTeamCountry "CZE"]

1. e4 e6 2. d4 c5 3. Nf3 cxd4 4. Nxd4 Qb6 5. Nb3 Qc7 6. Nc3 a6 7. Be3 Nf6 8. Na4 Nc6 9. Nb6 Rb8 10. f3 d5 11. exd5 exd5 12. Nxd5 Nxd5 13. Qxd5 Be6 14. Qe4 Rd8 15. Bc4 Nb4 16. Bxe6 Nxc2+ 17. Kf2 Nxa1 18. Bd5+ Be7 19. Rxa1 0-0 20. g3 Bf6 21. Rc1 Qd7 22. Bxb7 Qh3 23. Kg1 Rfe8 24. Qf4 h6 25. Bf2 Bg5 26. Qc4 Bxc1 27. Qxc1 Rd6 28. f4 Red8 29. Bf3 h5 30. Qf1 Qf5 31. Kg2 h4 32. g4 Qc2 33. Nc5 Rd4 34. Nxa6 Rxf4 35. b4 Rd3 36. Qe2 Qc4 37. Qe8+ Kh7 38. Be2 h3+ 39. Kg1 Qc1+ 40. Bf1 Rd2 41. Qe1 Rxg4+ 42. Bg3 Qxe1 0-1

[Event "CZE-chT2D 1314"]
[Site "Czech Republic"]
[Date "2013.12.15"]
[Round "4.6"]
[White "Vesely, Tomas"]
[Black "Pecinka, Martin"]
[Result "0-1"]
[WhiteElo "2092"]
[BlackElo "2083"]
[PlyCount "82"]
[EventDate "2013.11.03"]
[EventType "team-tourn"]
[EventRounds "11"]
[EventCountry "CZE"]
[SourceTitle "EXT 2016"]
[Source "ChessBase"]
[SourceDate "2015.10.08"]
[SourceVersion "1"]
[SourceVersionDate "2015.10.08"]
[SourceQuality "1"]
[WhiteTeam "Pardubice AKIS"]
[BlackTeam "Usti nad Orlici"]
[WhiteTeamCountry "CZE"]
[BlackTeamCountry "CZE"]

1. e4 c5 2. Nf3 d6 3. d4 cxd4 4. Nxd4 Nf6 5. Nc3 g6 6. Be3 Bg7 7. f3 0-0 8. Bc4 Nc6 9. Qd2 Bd7 10. 0-0-0 Rc8 11. Bb3 Ne5 12. Bg5 Rc5 13. f4 Nc4 14. Bxc4 Rxc4 15. Rhe1 Bg4 16. Nf3 Qa5 17. e5 dxe5 18. fxe5 Nd7 19. Bxe7 Re8 20. e6 Rxe7 21. exd7 Rxd7 22. Re8+ Bf8 23. Qh6 Rxd1+ 24. Nxd1 Qc5 25. Qd2 Bxf3 26. gxf3 Kg7 27. Nf2 Be7 28. Kb1 Bg5 29. Qe2 Bh4 30. b3 Rd4 31. Nd3 Qd6 32. Ra8 a6 33. Rc8 Bf6 34. f4 Qd5 35. Qf1 Re4 36. Rc7 Qd4 37. Ne5 Rxe5 38. fxe5 Qxe5 39. Rxf7+ Kxf7 40. Qc4+ Kg7 41. Kc1 Qe1# 0-1